| 000 | 00322nam a22001217a 4500 | ||
|---|---|---|---|
| 082 |
_a342.5491068 _bBAS |
||
| 100 | _aBasit, Muhammad Abdul | ||
| 245 |
_aCivil Services Laws / _cMuhammad Abdul Basit |
||
| 260 |
_aRawalpindi : _bFederal Law House, _c2021. |
||
| 300 |
_a172 p. ; _c23 cm. |
||
| 563 | _aHBK. | ||
| 942 |
_2ddc _cBK |
||
| 999 |
_c592409 _d592409 |
||